Famous women of the Bible / (Record no. 16157)
[ view plain ]
| 000 -LEADER | |
|---|---|
| fixed length control field | 00427nam a22001571a 4500 |
| 003 - CONTROL NUMBER IDENTIFIER | |
| control field | NEGST |
| 005 - DATE AND TIME OF LATEST TRANSACTION | |
| control field | 20151210020002.0 |
| 008 - FIXED-LENGTH DATA ELEMENTS--GENERAL INFORMATION | |
| fixed length control field | 040608s 001 0 eng d |
| 100 1# - MAIN ENTRY--PERSONAL NAME | |
| Personal name | Northrop, Henry Davenport. |
| 245 10 - TITLE STATEMENT | |
| Title | Famous women of the Bible / |
| Statement of responsibility, etc | Henry Devenport Northrop. |
| 260 ## - PUBLICATION, DISTRIBUTION, ETC. (IMPRINT) | |
| Place of publication, distribution, etc | [S.l.] : |
| Name of publisher, distributor, etc | [s.n.], |
| Date of publication, distribution, etc | ?1898. |
| 590 ## - LOCAL NOTE (RLIN) | |
| Local note | Accession number: 30095 |
| 650 #0 - SUBJECT ADDED ENTRY--TOPICAL TERM | |
| Topical term or geographic name as entry element | Women in the Bible. |
| 942 00 - ADDED ENTRY ELEMENTS (KOHA) | |
| Koha issues (borrowed), all copies | 3 |
| Withdrawn status | Lost status | Source of classification or shelving scheme | Damaged status | Not for loan | Collection code | Home library | Current library | Shelving location | Date acquired | Cost, normal purchase price | Total Checkouts | Full call number | Barcode | Date last seen | Date checked out | Copy number | Price effective from | Koha item type |
|---|---|---|---|---|---|---|---|---|---|---|---|---|---|---|---|---|---|---|
| Library of Congress Classification | General Circulation | AIU/NEGST - Tony Wilmot Memorial Library | AIU/NEGST - Tony Wilmot Memorial Library | General Stacks | 08/17/2009 | 4.00 | 3 | BS 572 .N67 1898 | R09276L3232 | 09/26/2019 | 12/09/2015 | 1 | 08/17/2009 | Books |
